LIBRARY & INFORMATION CENTRE, KCAET, TAVANUR

ONLINE PUBLIC ACCESS CATALOGUE (OPAC)

Eectric machines In Agriculture | Origins , Developments and Applications (Record no. 17444)

MARC details
000 -LEADER
fixed length control field 00545nam a22001817a 4500
003 - CONTROL NUMBER IDENTIFIER
control field OSt
008 - FIXED-LENGTH DATA ELEMENTS--GENERAL INFORMATION
fixed length control field 210916b ||||| |||| 00| 0 eng d
020 ## - INTERNATIONAL STANDARD BOOK NUMBER
ISBN 9789389547962
082 ## - DEWEY DECIMAL CLASSIFICATION NUMBER
Classification number 631.3
Item number DES/EL
100 ## - MAIN ENTRY--AUTHOR NAME
Personal name Desmond,Kevin
245 ## - TITLE STATEMENT
Title Eectric machines In Agriculture
Remainder of title Origins , Developments and Applications
260 ## - PUBLICATION, DISTRIBUTION, ETC. (IMPRINT)
Place of publication New Delhi
Name of publisher New india publishing Agency
Year of publication 2020
300 ## - PHYSICAL DESCRIPTION
Number of Pages 195 pages
650 ## - SUBJECT ADDED ENTRY--TOPICAL TERM
Topical Term Farm Equipment,
650 ## - SUBJECT ADDED ENTRY--TOPICAL TERM
Topical Term Agicultural Machines
650 ## - SUBJECT ADDED ENTRY--TOPICAL TERM
Topical Term Electromachanical Devices
942 ## - ADDED ENTRY ELEMENTS (KOHA)
Koha item type Books
Holdings
Withdrawn status Lost status Damaged status Home library Current library Shelving location Date acquired Cost, normal purchase price Full call number Accession Number Koha item type
      KAUAET KAUAET NAHEP-CAAST Project 07/09/2021 3995.00 631.3 DES/EL 26048 Books
free website counter